Loading...
| Fine Arts - Classical Music | 0 | 7 | 0 | 2 | 70 | 77 | 112.57 | 0 | 5 | 6.79 | 37.78 |
| Fine Arts - Other | 0 | 6 | 0 | 0 | 60 | 85 | 102.17 | 0 | 3 | 14.15 | 31.11 |
| Literature - British | 0 | 5 | 0 | 0 | 50 | 86 | 109.00 | 3 | 4 | 11.81 | 42.22 |
| Literature - American | 0 | 4 | 1 | 1 | 35 | 76 | 114.75 | 1 | 1 | 8.20 | 20.00 |
| Fine Arts - Painting and Sculpture | 0 | 4 | 1 | 0 | 35 | 96 | 107.25 | 0 | 3 | 7.53 | 26.67 |
| Literature - World | 0 | 2 | 0 | 0 | 20 | 93 | 97.50 | 0 | 1 | 6.75 | 13.33 |
| History - European | 0 | 2 | 0 | 1 | 20 | 114 | 120.00 | 1 | 2 | 1.73 | 15.56 |
| Science - Other | 0 | 2 | 0 | 0 | 20 | 50 | 94.50 | 0 | 1 | 5.66 | 11.11 |
| History - American | 0 | 1 | 0 | 0 | 10 | 92 | 92.00 | 0 | 1 | 2.45 | 6.67 |
| History - Other | 0 | 1 | 0 | 0 | 10 | 95 | 95.00 | 0 | 1 | 2.46 | 8.89 |
| Other Academic | 0 | 1 | 0 | 0 | 10 | 83 | 83.00 | 0 | 1 | 12.84 | 20.00 |
| Science - Chemistry | 0 | 1 | 0 | 0 | 10 | 92 | 92.00 | 0 | 1 | 1.73 | 8.89 |
| Philosophy | 0 | 0 | 1 | 0 | -5 | 0.00 | 0 | 0 | 0.00 | 0.00 | |
| Science - Physics | 0 | 0 | 1 | 0 | -5 | 0.00 | 0 | 0 | 0.00 | 0.00 |